000 00525nam a22001697a 4500
003 MACL
005 20160514154514.0
008 160514b xxu||||| |||| 00| 0 eng d
040 _cMACL
041 _aHindi
082 _a891.433
100 _aगोस्‍वामी, इन्दिरा
_957164
245 _aअहिरन
_cइन्दिरा गोस्‍वामी
260 _aदिल्‍ली
_bभारतीय ज्ञानपीठ
_c2007
650 _aStory
_957165
942 _2ddc
_cHIN
999 _c53990
_d53990